| 000 | 01241aam a2200313 4500 | ||
|---|---|---|---|
| 001 | 19522 | ||
| 003 | CO-MdFUSB | ||
| 005 | 20190202100240.0 | ||
| 008 | 170217t1994 enk||||f |||| 00| 0 eng d | ||
| 020 | _a0-281-04736-7 | ||
| 040 |
_aCO-MdFUSB _bspa _cCO-MdFUSB _dCO-MdFUSB _erda |
||
| 041 | _aeng | ||
| 082 |
_224 _aG 230.082 _bF329fe |
||
| 100 | 1 | _aKing, Ursula., (Editor) | |
| 245 | 1 | 0 |
_aFeminist theology from the third world _b: A reader _c/ Editado por Ursula King |
| 264 | 1 |
_aLondon : _bSPCK, _c℗1994 |
|
| 264 | 4 | _c©1994 | |
| 300 |
_axii, 434 páginas _c; 22 cm. |
||
| 336 |
_2rdacontent _a1 _ba1 |
||
| 337 |
_2rdamedia _a2 _b5 |
||
| 338 |
_2rdacarrier _a2 _b5 |
||
| 504 | _aBibliografía e índices (páginas: 413- 434) | ||
| 505 | 0 | 0 | _aEnsayos sobre la teología femenista desde autores del tercer mundo -- Hacer teología desde la perspectiva de las mujeres del tercer mundo -- La opresión y los gritos de dolor de la mujer -- La Biblia como fuente de empoderamiento para las mujeres -- Cuestionando el pensamiento teológico tradicional -- Una espiritualidad emergente |
| 540 | _aRústico | ||
| 650 | 7 |
_9681 _aTeología feminista |
|
| 650 | 7 |
_aTeología doctrinal _2 _9179 |
|
| 942 | _cBK | ||
| 999 |
_c45885 _d45885 |
||